Пропуск в контексте

Культура и общество: сборник научных статей

Сохранить в:
書目詳細資料
格式: Книга
語言:Russian
出版: Кемерово КемГИК 2013
主題:
在線閱讀:http://e.lanbook.com/books/element.php?pl1_id=63607
https://e.lanbook.com/img/cover/book/63607.jpg
標簽: 添加標簽
沒有標簽, 成為第一個標記此記錄!
LEADER 01115nam0a2200301 i 4500
001 63607
003 RuSpLAN
005 20221220173937.0
008 221220s2013 ru gs 000 0 rus
020 |a 978-5-8154-0266-9 
040 |a RuSpLAN 
041 0 |a rus 
044 |a ru 
080 |a 008 
084 |a 71.4(2)  |2 rubbk 
245 0 0 |a Культура и общество: сборник научных статей 
260 |a Кемерово  |b КемГИК  |c 2013 
300 |a 151 с. 
504 |a Библиогр.: доступна в карточке книги, на сайте ЭБС Лань 
521 8 |a Книга из коллекции КемГИК - Социально-гуманитарные науки 
653 0 |a культура 
653 0 |a культурный менеджмент 
653 0 |a общество 
653 0 |a политика 
653 0 |a художественная культура 
856 4 |u http://e.lanbook.com/books/element.php?pl1_id=63607 
856 4 8 |u https://e.lanbook.com/img/cover/book/63607.jpg 
953 |a https://e.lanbook.com/img/cover/book/63607.jpg 
Cannot write session to /tmp/vufind_sessions/sess_q3g07t6b8d7eqkltfmenk3v198